MARC

Tag First Indicator Second Indicator Subfields
LEADER 00000cam a2200000 a 4500
001 in00000001095
005 20221018200332.7
007 he bmb024bbca
008 981015s1998 dcua bbs f000 0 eng d
035 |9 AHS7721AM 
037 |a 065-000-01154-9  |b GPO  |f paper copy  |c $9.50 
040 |a GPO  |c GPO  |d DLC  |d MvI  |d UtOrBLW 
043 |a n-us--- 
049 |a WWW 
074 |a 0455-G-09 (MF) 
074 |a 0455-G-09 (online) 
086 0 |a ED 1.328/5:F 51/2 
088 |a NCES 98-082 
100 1 |a Nuñez, Anne-Marie. 
245 1 0 |a First-generation students :  |b undergraduates whose parents never enrolled in postsecondary education /  |c Anne-Marie Nuñez, Stephanie Cuccaro-Alamin. 
246 2 |a First generation students 
264 1 |a Washington DC :  |b U.S. Dept. of Education, Office of Educational Research and Improvement, National Center for Education Statistics :  |c [1998] 
264 2 |a Washington DC :  |b [Supt. of Docs., U.S. G.P.O., distributor], 
300 |a xii, 87 pages :  |b illustrations ;  |c 28 cm. 
336 |a text  |b txt  |2 rdacontent 
337 |a microform  |b h  |2 rdamedia 
338 |a microfiche  |b he  |2 rdacarrier 
490 1 |a Postsecondary education descriptive analysis reports 
490 1 |a Statistical analysis report 
500 |a Shipping list number: 98-0932-M. 
500 |a "June 1998." 
504 |a Includes bibliographical references. 
500 |a "NCES 98-082." 
533 |a Microfiche.  |b [Washington, D.C.] :  |c Supt. of Docs., U.S. G.P.O.,  |d [1998]  |e 2 microfiches : negative. 
530 |a Also available via Internet from the NCES web site (PDF file only). 
500 |a Microform. 
650 0 |a College students  |z United States  |x Longitudinal studies. 
650 0 |a College attendance  |z United States  |x Longitudinal studies. 
650 0 |a Parental influences  |z United States  |x Longitudinal studies. 
700 1 |a Cuccaro-Alamin, Stephanie. 
710 2 |a National Center for Education Statistics. 
830 0 |a Postsecondary education descriptive analysis reports. 
830 0 |a Statistical analysis report (National Center for Education Statistics) 
856 4 1 |u https://purl.fdlp.gov/GPO/LPS1814  |t 0 
999 |a MARS 
999 f f |s 4bbdf50b-e0b2-3ae1-a241-b711f8121ea7  |i 8aa296f4-b846-3a6b-ada5-260c2f9957b9  |t 0 
952 f f |p normal  |a Texas A&M University  |b College Station  |c Sterling C. Evans Library  |d Evans: US Documents Microfiche (3rd floor)  |t 0  |e ED 1.328/5:F 51/2  |h Superintendent of Documents classification  |i microform -- microfiche  |m A14824370204 
952 f f |p normal  |a Texas A&M University  |b College Station  |c Sterling C. Evans Library  |d Evans: US Documents Microfiche (3rd floor)  |t 0  |e ED 1.328/5:F 51/2  |h Superintendent of Documents classification  |i microform -- microfiche  |m A14838215589 
952 f f |a Texas A&M University  |b College Station  |c Electronic Resources  |d Available Online  |t 0  |e ED 1.328/5:F 51/2  |h Superintendent of Documents classification 
998 f f |a ED 1.328/5:F 51/2  |t 0  |l Evans: US Documents Microfiche (3rd floor) 
998 f f |a ED 1.328/5:F 51/2  |t 0  |l Available Online 
998 f f |a ED 1.328/5:F 51/2  |t 0  |l Evans: US Documents Microfiche (3rd floor)